| 000 | 00433nam a2200121Ia 4500 | ||
|---|---|---|---|
| 008 | 220615s9999||||xx |||||||||||||| ||und|| | ||
| 245 | 0 | _aAsian Yearbook of International Law, Volume 5 (1995) | |
| 546 | _aEnglish[eng] | ||
| 650 | _aInternational law | ||
| 700 | _aSwan Sik, Ko||Syatauw, J.J.G.||Pinto, M.C.W. | ||
| 856 | _uhttps://library.oapen.org/bitstream/20.500.12657/38064/1/9789004400641_webready_content_text.pdf | ||
| 942 | _cEB | ||
| 999 |
_c11324 _d11324 |
||